000 00501nam a2200181Ia 4500
005 20250326142820.0
008 250326s9999 xx 000 0 und d
037 _aTextbook
040 _aFMSL
_beng
_cFMSL
041 _aeng
_2eng
084 _aX:87.44 M5
_qFMSL
100 _aShamann K
_9746648
245 0 _aProfessional management in India
_cShamann K
260 _aNew Delhi
_bNew Delhi, Himalaya
_c1985
300 _a195p
942 _cTB
_hX:87.44 M5
999 _c1296758
_d1296758